000 00375nam a2200145 i 4500
001 bg
100 1 _aKARCZEWSKI, Jan
245 0 _aOptymalizacja przekryć strukturalnych /
_cJan Karczewski, Witold Paczkowski.
260 _aWarszawa,
_c1982.
700 1 _aPACZKOWSKI, Witold
040 _cBPK
041 _apol
942 _cKS
008 s pl f |000 0 pol
999 _c20501
_d20501
856 _uhttp://koha.tu.koszalin.pl/cgi-bin/koha/opac-detail.pl?biblionumber=20501
_yKatalog online BPK